00547nam a22001697a 450000500170000001000150001702000270003203500140005903700130007308200080008610000170009424500780011126000510018927000750024030000240031550000380033920170621153244.0 aENG-118843 a9781470438425c1090.00 aEN-102375 bDBAD/PUB a512 aRempe, Lasse aPrimality testing for beginners /cby Lasse Rempe [and] Rebecca Waldecker aTelanganabAmerican Mathematical Societyc2017 a3-6-747/A 7 3-6-754/1, Himayatnagar Hyderabad-500029, Telangana, India aix,244pc22cm.(pbk) aIncludes bibliographical refrence